<?xml version="1.0" encoding="UTF-8"?>
<record
    xmlns:xsi="http://www.w3.org/2001/XMLSchema-instance"
    xsi:schemaLocation="http://www.loc.gov/MARC21/slim http://www.loc.gov/standards/marcxml/schema/MARC21slim.xsd"
    xmlns="http://www.loc.gov/MARC21/slim">

  <leader>00786nam a22002897a 4500</leader>
  <controlfield tag="001">BS2023000238</controlfield>
  <controlfield tag="003">BR-BrBNA</controlfield>
  <controlfield tag="005">20240830143712.0</controlfield>
  <controlfield tag="008">240830b        bl.||||| |||| 00| 0 por d</controlfield>
  <datafield tag="020" ind1=" " ind2=" ">
    <subfield code="a">978-85-01-08851-2</subfield>
  </datafield>
  <datafield tag="040" ind1=" " ind2=" ">
    <subfield code="a">BR-BrBNA</subfield>
    <subfield code="b">por.</subfield>
  </datafield>
  <datafield tag="041" ind1=" " ind2=" ">
    <subfield code="a">por.</subfield>
  </datafield>
  <datafield tag="072" ind1=" " ind2=" ">
    <subfield code="a">S85</subfield>
  </datafield>
  <datafield tag="100" ind1=" " ind2=" ">
    <subfield code="4">Aut.</subfield>
    <subfield code="a">Sidney, Sheldon</subfield>
  </datafield>
  <datafield tag="100" ind1=" " ind2=" ">
    <subfield code="4">Aut.</subfield>
    <subfield code="a">Bagshawe, Tilly</subfield>
  </datafield>
  <datafield tag="100" ind1=" " ind2=" ">
    <subfield code="4">Trad.</subfield>
    <subfield code="a">Gerhardt, Michele</subfield>
  </datafield>
  <datafield tag="245" ind1=" " ind2=" ">
    <subfield code="a">A senhora do jogo /</subfield>
  </datafield>
  <datafield tag="250" ind1=" " ind2=" ">
    <subfield code="a">9. ed.</subfield>
  </datafield>
  <datafield tag="260" ind1=" " ind2=" ">
    <subfield code="a">Rio de Janeiro - RJ :</subfield>
    <subfield code="b">Record,</subfield>
    <subfield code="c">2010</subfield>
  </datafield>
  <datafield tag="300" ind1=" " ind2=" ">
    <subfield code="a">461p.</subfield>
  </datafield>
  <datafield tag="500" ind1=" " ind2=" ">
    <subfield code="a">Titulo original em ingl&#xEA;s: Sidney Sheldons The mistress of the game.
</subfield>
  </datafield>
  <datafield tag="650" ind1=" " ind2=" ">
    <subfield code="a">LITERATURA-NORTE AMERICANA</subfield>
  </datafield>
  <datafield tag="650" ind1=" " ind2=" ">
    <subfield code="a">ROMANCE</subfield>
  </datafield>
  <datafield tag="909" ind1=" " ind2=" ">
    <subfield code="a">202408</subfield>
    <subfield code="b">Maria Neves</subfield>
  </datafield>
  <datafield tag="942" ind1=" " ind2=" ">
    <subfield code="c">BK</subfield>
  </datafield>
  <datafield tag="999" ind1=" " ind2=" ">
    <subfield code="c">301073</subfield>
    <subfield code="d">301073</subfield>
  </datafield>
  <datafield tag="952" ind1=" " ind2=" ">
    <subfield code="0">0</subfield>
    <subfield code="2">AGRIS</subfield>
    <subfield code="4">0</subfield>
    <subfield code="7">0</subfield>
    <subfield code="8">CULTURAL</subfield>
    <subfield code="a">41918</subfield>
    <subfield code="b">41918</subfield>
    <subfield code="l">0</subfield>
    <subfield code="o">S85 BS2023000238</subfield>
    <subfield code="p">2024-4449</subfield>
    <subfield code="r">2024-08-30</subfield>
    <subfield code="y">BK</subfield>
    <subfield code="1"></subfield>
    <subfield code="d"></subfield>
    <subfield code="e"></subfield>
    <subfield code="f"></subfield>
    <subfield code="g"></subfield>
    <subfield code="i"></subfield>
    <subfield code="v"></subfield>
    <subfield code="w"></subfield>
  </datafield>
</record>
